|
|
|
|
| LEADER |
00992nam a2200241 a 4500 |
| 001 |
3837884 |
| 008 |
091210s1984 bg b 000 0 eng d |
| 010 |
|
|
|a 86901760
|
| 040 |
|
|
|a DLC
|c DLC
|d DLC
|
| 082 |
0 |
0 |
|a 331.4/09548/2
|2 19
|
| 245 |
1 |
0 |
|a Women in the labour force in Bangladesh :
|b a few reflections on census data /
|c contributors, Salma Khan and Barkat-e-Khuda.
|
| 260 |
|
|
|a [Dhaka] :
|b Center for Women and Development, Bangladesh,
|c 1984.
|
| 300 |
|
|
|a ii, 26 p. ;
|c 23 cm.
|
| 490 |
1 |
|
|a Lecture series ;
|v 1
|
| 504 |
|
|
|a Includes bibliographies.
|
| 541 |
1 |
|
|e 00001838
|
| 650 |
|
0 |
|a Women
|x Employment
|z Bangladesh.
|
| 700 |
1 |
|
|a Khan, Salma.
|
| 700 |
0 |
|
|a Barkat-e-Khuda.
|
| 830 |
|
0 |
|a Lecture series (Center for Women and Development, Bangladesh) ;
|v 1.
|
| 852 |
4 |
|
|a Ayesha Abed Library
|j General shelf
|
| 999 |
|
|
|c 6085
|d 6085
|
| 952 |
|
|
|0 0
|1 0
|2 ddc
|4 0
|6 331_409548200000000_WOM_1984
|7 0
|9 6073
|a BRACUL
|b BRACUL
|c GEN
|d 2009-12-14
|g 10.00
|l 0
|o 331.4095482 WOM
|p 3010001838
|r 2009-12-14
|t 1
|w 2009-12-14
|y BK
|